Detalles MARC
| 000 -ENCABEZADO |
| Número de control [NR] |
01407nam a2200325Ia 4500 |
| 005 - FECHA Y HORA DE LA ÚLTIMA TRANSACCIÓN |
| control field |
20161206150403.0 |
| 008 - DE LONGITUD FIJA DE DATOS DE ELEMENTOS - INFORMACIÓN GENERAL |
| Elementos de longitud fija [NR] |
130821s2000 ck gr spa |
| 020 ## - NUMERO INTERNACIONAL NORMALIZADO PARA LIBROS [R] |
| Número Internacional Normalizado del libro [NR] |
958 683 265 1 |
| Términos de disponibilidad [NR] |
Tomo 1 |
| 020 ## - NUMERO INTERNACIONAL NORMALIZADO PARA LIBROS [R] |
| Número Internacional Normalizado del libro [NR] |
958 683 294 5 |
| Términos de disponibilidad [NR] |
Tomo 3 |
| 020 ## - NUMERO INTERNACIONAL NORMALIZADO PARA LIBROS [R] |
| Número Internacional Normalizado del libro [NR] |
958 683 295 3 |
| Términos de disponibilidad [NR] |
Tomo 2 |
| 020 ## - NUMERO INTERNACIONAL NORMALIZADO PARA LIBROS [R] |
| Número Internacional Normalizado del libro [NR] |
958 683 296 1 |
| Términos de disponibilidad [NR] |
Tomo 4 |
| 020 ## - NUMERO INTERNACIONAL NORMALIZADO PARA LIBROS [R] |
| Número Internacional Normalizado del libro [NR] |
958 683 297 x |
| Términos de disponibilidad [NR] |
obra completa |
| 040 ## - FUENTE DE CATALOGACION [NR] |
| Agencia de catalogación original [NR] |
CO-BoUCM |
| Idioma de catalogación [NR] |
spa |
| Quien Cataloga |
Jose A. Gerena (modificó) |
| Quien Clasifica |
[Nuevo] |
| 041 00 - CODIGO DE IDIOMA [R] |
| Código de idioma para texto/pista de sonido o título separado [R] |
Español |
| 100 1# - ASIENTO PRINCIPAL--NOMBRE PERSONAL [NR] |
| Nombre personal [NR] |
Vázquez Carrizosa, Alfredo |
| Fechas asociadas con el nombre [NR] |
1909-2001 |
| ID Autoridad |
82691 |
| 245 10 - MENCION DE TITULO [NR] |
| Título [NR] |
Relatos de historia diplomática de Colombia Siglo XX |
| Mención de responsabilidad, etc. [NR] |
Alfredo Vázquez Carrizosa |
| 260 ## - PUBLICACION, DISTRIBUCION, ETC. (PIE DE IMPRENTA) [R] |
| Lugar de publicación, distribución, etc. [R] |
Bogotá (Colombia) |
| Nombre del editor, distribuidor, etc. [R] |
CEJA |
| Fecha de publicación, distribución, etc. [R] |
2000 |
| 300 ## - DESCRIPCION FISICA [R] |
| Extensión [R] |
volúmenes |
| 504 ## - NOTA DE BIBLIOGRAFIA, ETC. [R] |
| Nota de bibliografía, etc. [NR] |
Incluye referencias bibliográficas |
| 505 ## - NOTA DE CONTENIDO CON FORMATO PREESTABLECIDO [R] |
| Información miscelánea [R] |
vol.1. |
| State manifest and birth record (1764-1977). |
Literatura y política -- |
| Información miscelánea [R] |
vol.2 |
| State manifest and birth record (1764-1977). |
Estados unidos, San Andrés y Providencia y América latina -- |
| Información miscelánea [R] |
vol.3. |
| State manifest and birth record (1764-1977). |
La paz Internacional, relaciones con la Santa Sede. |
| 650 #7 - ASIENTO SECUNDARIO DE MATERIA - TERMINO TEMATICO [R] |
| 9 (RLIN) |
8042 |
| Término temático o nombre geográfico como elemento de entrada [NR] |
Relaciones internacionales |
| 650 #7 - ASIENTO SECUNDARIO DE MATERIA - TERMINO TEMATICO [R] |
| 9 (RLIN) |
13310 |
| Término temático o nombre geográfico como elemento de entrada [NR] |
Diplomacia |
| 651 #4 - ASIENTO SECUNDARIO DE MATERIA - NOMBRE GEOGRAFICO [R] |
| Nombre geográfico [NR] |
Colombia |
| Subdivisión general [R] |
Relaciones exteriores |
| 9 (RLIN) |
33248 |
| 651 #4 - ASIENTO SECUNDARIO DE MATERIA - NOMBRE GEOGRAFICO [R] |
| Nombre geográfico [NR] |
Colombia |
| Subdivisión general [R] |
Historia |
| 9 (RLIN) |
26897 |
| 690 #0 - ASUNTO AGREGADO LOCAL DE ENTRADA - TÉRMINO TEMÁTICO (OCLC, RLIN) |
| Acceso temático local |
Relaciones internacionales |
| 9 (RLIN) |
8042 |
| 700 1# - ASIENTO SECUNDARIO - NOMBRE PERSONAL [R] |
| Nombre personal [NR] |
Colombia |
| Numeración [NR] |
Ministerio de Relaciones Exteriores |
| 9 (RLIN) |
82692 |
| 700 1# - ASIENTO SECUNDARIO - NOMBRE PERSONAL [R] |
| Nombre personal [NR] |
Pontificia universidad Javeriana |
| Numeración [NR] |
Facultad de Ciencias Políticas y Relaciones Internacionales |
| 9 (RLIN) |
82693 |
| 942 ## - ELEMENTOS DE ENTRADA AGREGADOS (KOHA) |
| Tipo de ítem principal el descrito en 300a |
Libro |
| Tema principal |
Ciencia política |
| Edición |
1 |
| Parte restante de la signatura top. |
V999r |
| Sistema de clasificación |
DEWEY |
| Clasificación |
327.861 |